Программирование на языке C для AVR и PIC микроконтроллеров (Запись № 3601960)

Подробности
000 -МАРКЕР
контрольное поле 01541nam0a2200349 i 4500
001 - ИДЕНТИФИКАТОР ЗАПИСИ
контрольное поле RU\NLR\bibl\1954732
005 - ИДЕНТИФИКАТОР ВЕРСИИ
контрольное поле 20260405055018.0
010 ## - МЕЖДУНАРОДНЫЙ СТАНДАРТНЫЙ НОМЕР КНИГИ (ISBN)
Номер (ISBN) 9785793108423
Тираж 1000
035 ## - ДРУГИЕ СИСТЕМНЫЕ НОМЕРА
Идентификатор записи (NLR Aleph) 001943819
100 ## - ДАННЫЕ ОБЩЕЙ ОБРАБОТКИ
Данные общей обработки 20101129d2012 u y0rusy50 ca
101 0# - ЯЗЫК РЕСУРСА
Язык текста, звукозаписи и т.д. русский
102 ## - СТРАНА ПУБЛИКАЦИИ ИЛИ ПРОИЗВОДСТВА
Страна публикации российская федерация
-- украина
105 ## - ПОЛЕ КОДИРОВАННЫХ ДАННЫХ: ТЕКСТОВЫЕ МАТЕРИАЛЫ, МОНОГРАФИЧЕСКИЕ
Кодированные данные о монографическом текстовом документе a |||||||||
200 1# - ЗАГЛАВИЕ И СВЕДЕНИЯ ОБ ОТВЕТСТВЕННОСТИ
Основное заглавие Программирование на языке C для AVR и PIC микроконтроллеров
Первые сведения об ответственности [Шпак Ю.А.]
205 ## - СВЕДЕНИЯ ОБ ИЗДАНИИ
Сведения об издании Изд. 2-е, перераб. и доп.
210 ## - ПУБЛИКАЦИЯ, РАСПРОСТРАНЕНИЕ И ДР.
Место издания, распространения и т.д. Санкт-Петербург
Имя издателя, распространителя и т. д. Корона-век
Место издания, распространения и т.д. Киев
Имя издателя, распространителя и т. д. МК-Пресс
Дата издания, распространения и т.д. 2012
215 ## - ФИЗИЧЕСКАЯ ХАРАКТЕРИСТИКА
Специфическое обозначение материала и объем 531, [2] с.
Другие сведения о физической характеристике ил.
Размеры 24
Сопроводительный материал 1 электрон. опт. диск (CD-ROM)
300 ## - ОБЩИЕ ПРИМЕЧАНИЯ
Текст примечания Авт. указан на обл.
300 ## - ОБЩИЕ ПРИМЕЧАНИЯ
Текст примечания На обл.: 2-е изд.
320 ## - ПРИМЕЧАНИЯ О НАЛИЧИИ В ДОКУМЕНТЕ БИБЛИОГРАФИИ / УКАЗАТЕЛЯ
Текст примечания Библиогр. в конце кн. (12 назв.)
606 1# - НАИМЕНОВАНИЕ ТЕМЫ КАК ПРЕДМЕТ
Наименование темы PIC, микроконтроллеры
Тематический подзаголовок Программирование
Системный номер авторитетной/нормативной записи 2476166
Идентификатор авторитетной/нормативной записи RU\NLR\auth\661470281
606 1# - НАИМЕНОВАНИЕ ТЕМЫ КАК ПРЕДМЕТ
Наименование темы ATMEL AVR, микроконтроллеры
Тематический подзаголовок Программирование
Системный номер авторитетной/нормативной записи 2541097
Идентификатор авторитетной/нормативной записи RU\NLR\auth\661504378
606 ## - НАИМЕНОВАНИЕ ТЕМЫ КАК ПРЕДМЕТ
Наименование темы C, язык программирования
Системный номер авторитетной/нормативной записи 1672093
Идентификатор авторитетной/нормативной записи RU\NLR\auth\661040545
686 ## - ИНДЕКСЫ ДРУГИХ КЛАССИФИКАЦИЙ
Индекс З973.26-018
686 ## - ИНДЕКСЫ ДРУГИХ КЛАССИФИКАЦИЙ
Индекс З973.2-018.1
700 #1 - ИМЯ ЛИЦА - ПЕРВИЧНАЯ ОТВЕТСТВЕННОСТЬ
Код отношения Автор
Материалы, к которым относится поле rus
Графика поля Кириллица
Начальный элемент ввода Шпак
Часть имени, кроме начального элемента ввода Ю.А.
Расширение инициалов личного имени Юрий Алексеевич
Идентификатор авторитетной/нормативной записи RU\NLR\auth\7718613
Системный номер авторитетной/нормативной записи 1689
801 #0 - ИСТОЧНИК ЗАПИСИ
Страна российская федерация
Организация NLR
Дата составления 20101129
Правила каталогизации RCR
801 #1 - ИСТОЧНИК ЗАПИСИ
Страна российская федерация
Организация NLR
Дата составления 20101129
942 ## - ДОПОЛНИТЕЛЬНЫЕ ЭЛЕМЕНТЫ ЗАПИСИ (АБИС)
Тип экземпляра АБИС Книга
980 ## - КОЛЛЕКЦИЯ
Название коллекции НБР

Нет доступных экземпляров.